| 000 | 00496nam a2200181Ia 4500 | ||
|---|---|---|---|
| 003 | OSt | ||
| 005 | 20240729110741.0 | ||
| 008 | 230222s9999||||xx |||||||||||||| ||und|| | ||
| 020 | _a9966444726 | ||
| 040 | _cChuka University Library | ||
| 050 |
_aSBL QA 43 _bK46 2003 V |
||
| 100 |
_aCORPORATE AUTHORS KLB/ _96554 |
||
| 245 | 0 | _aSECONDARY MATHEMATICS STUDENT'S BOOK ONE / | |
| 260 |
_aKENYA _b KENYA LITERATURE BUREAU _c2003 |
||
| 300 | _a300p. | ||
| 650 | _aMathematics | ||
| 942 |
_cBK _02 _2lcc |
||
| 999 |
_c11204 _d11204 |
||